| 000 | 00940nam a2200265 a 4500 | ||
|---|---|---|---|
| 001 | 58905 | ||
| 003 | BD-RjUL | ||
| 005 | 20211209080653.0 | ||
| 008 | 161220s1991 nyu b 001 0 eng | ||
| 020 | _a0899305563 (alk. paper) | ||
| 035 | _a(BD-RjUL) 59029 | ||
| 040 |
_aDLC _cDLC _dDLC _dBD-RjUL _beng |
||
| 041 | _aeng | ||
| 082 | 0 | 0 |
_a337.52 _223 _bTUJ 1991 |
| 100 | 1 |
_aTurner, Charlie G. _9175157 |
|
| 245 | 1 | 0 |
_aJapan's dynamic efficiency in the global market : _btrade, investment and economic growth / _cCharlie G. Turner ; foreword by Dale W. Jorgenson. |
| 260 |
_aNew York : _bQuorum Books, _cc1991. |
||
| 300 |
_axiv, 176 p. ; _c25 cm. |
||
| 504 | _aIncludes bibliographical references (p. [167]-172) and index. | ||
| 650 | 0 |
_aInvestments, Japanese. _9175158 |
|
| 650 | 0 |
_aInvestments, Foreign _zJapan. _9175159 |
|
| 651 | 0 |
_aJapan _xCommerce. _9175160 |
|
| 651 | 0 |
_aJapan _xEconomic conditions _y1989- _9172640 |
|
| 942 |
_2ddc _cBK |
||
| 999 |
_c58905 _d58905 |
||